[Event "France against USA"]
[Site "http://www.queenalice.com/game.php?id=44004"]
[Date "2005.12.17"]
[Round "-"]
[White "mustang"]
[Black "Katasstrov"]
[Result "1-0"]
[WhiteElo "2035"]
[BlackElo "1733"]

1. e4 c6 2. d4 d5 3. Nc3 dxe4 4. Nxe4 Bf5 5. Ng3 Bg6 6. h4 h6 7. Nf3 Nd7 8. h5
Bh7 9. Bd3 Bxd3 10. Qxd3 e6 11. Bf4 Ngf6 12. O-O-O Qa5 13. Kb1 Nd5 14. Bd2 Bb4
15. c3 1-0

[Event "tupiniquim"]
[Site "http://www.queenalice.com/game.php?id=44536"]
[Date "2005.12.21"]
[Round "-"]
[White "vsg"]
[Black "Katasstrov"]
[Result "0-1"]
[WhiteElo "1529"]
[BlackElo "1697"]

1. b3 e5 2. Bb2 Nc6 3. e3 d5 4. Bb5 Bd6 5. Bxc6+ bxc6 6. Qh5 Qe7 7. d3 Nf6 8.
Qe2 e4 9. Nd2 O-O 10. dxe4 Nxe4 11. Ndf3 Bb4+ 12. Kf1 Bg4 13. c3 Bxc3 14. Bxc3
Nxc3 15. Qd3 Ne4 16. h3 Bf5 17. Qd4 f6 18. b4 Rfd8 19. g4 Bc8 20. Rc1 Ba6+ 21.
Ne2 Bc4 22. a3 a5 23. Re1 axb4 24. axb4 Qxb4 25. Kg2 c5 26. Qd1 Ra2 27. h4 Rda8
28. Qb1 Rb2 29. Qc1 Raa2 30. Nfg1 Bxe2 31. Nxe2 Rxe2 32. Rxe2 Rxe2 33. Rf1 Nd2
34. Kg3 Nxf1+ 35. Qxf1 Qc4 36. Kf3 Rxe3+ 37. Kxe3 Qxf1 38. f3 c4 0-1

[Event "Challenge"]
[Site "http://www.queenalice.com/game.php?id=46209"]
[Date "2006.1.2"]
[Round "-"]
[White "Katasstrov"]
[Black "surbeg"]
[Result "0-1"]
[WhiteElo "1706"]
[BlackElo "1876"]

1. e4 e6 2. d4 d5 3. e5 c5 4. c3 Nc6 5. f4 cxd4 6. cxd4 Nge7 7. a3 Qb6 8. Nf3
Nf5 9. Nc3 a6 10. Qa4 Bd7 11. Bb5 Be7 12. Bxc6 Bxc6 13. Qd1 O-O 14. O-O Rac8 15.
Kh1 Bd7 16. Ne2 Bb5 17. Re1 f6 18. b4 fxe5 19. fxe5 Qd8 20. Bb2 Ne3 21. Qb3 Nc2
22. Nf4 Rxf4 0-1

[Event "Challenge"]
[Site "http://www.queenalice.com/game.php?id=47850"]
[Date "2006.1.14"]
[Round "-"]
[White "DenisDiaz"]
[Black "Katasstrov"]
[Result "1/2-1/2"]
[WhiteElo "1730"]
[BlackElo "1715"]

1. e4 d6 2. Nf3 Nf6 3. Nc3 g6 4. d4 Bg7 5. b3 c5 6. Bb2 cxd4 7. Nxd4 Qa5 8. Qd2
O-O 9. a3 Nc6 10. Nxc6 bxc6 11. Bd3 Ba6 12. b4 Qb6 13. Rb1 Bxd3 14. cxd3 Ng4 15.
O-O Qc7 16. h3 Ne5 17. d4 Nc4 18. Qd3 d5 19. exd5 cxd5 20. Nxd5 Nxb2 21. Rxb2
Qd6 22. Qe4 e6 23. Ne3 Qxd4 24. Qxd4 Bxd4 25. Rb3 Rfd8 26. Rd1 Bxe3 27. Rxd8+
Rxd8 28. Rxe3 Rd7 29. Kf1 Kf8 30. Ke2 Ke7 31. f4 h6 32. g4 f6 33. h4 Rd6 34. Rc3
Kd7 35. Ke3 Rd5 36. Rc5 a6 37. a4 Rd6 38. a5 Rc6 39. Kd4 Rd6+ 40. Kc4 Rc6
1/2-1/2

[Event ":-) vs :-("]
[Site "http://www.queenalice.com/game.php?id=48923"]
[Date "2006.1.21"]
[Round "-"]
[White "moonspell"]
[Black "Katasstrov"]
[Result "1-0"]
[WhiteElo "1896"]
[BlackElo "1727"]

1. Nf3 Nf6 2. c4 e6 3. g3 d5 4. Bg2 Be7 5. O-O O-O 6. d4 c5 7. Qc2 dxc4 8. Qxc4
Nbd7 9. dxc5 Nxc5 10. Nc3 b6 11. b4 Ncd7 12. Nd4 Ne5 13. Qb3 Rb8 14. Rd1 Qc7 15.
f4 Neg4 16. Ndb5 1-0

[Event "snailbrain vs eaglebrain"]
[Site "http://www.queenalice.com/game.php?id=48924"]
[Date "2006.1.21"]
[Round "-"]
[White "mustang"]
[Black "Katasstrov"]
[Result "1-0"]
[WhiteElo "2008"]
[BlackElo "1718"]

1. e4 d6 2. d4 Nf6 3. Nc3 g6 4. Be3 Bg7 5. Qd2 O-O 6. O-O-O Nbd7 7. f3 e5 8. d5
a6 9. g4 b5 10. Nce2 Nb6 11. Ng3 Bd7 12. h4 Nc4 13. Bxc4 bxc4 14. h5 g5 15. h6
Bh8 16. Nh3 Qb8 17. Ba7 1-0

[Event "Maitre FIDE vs Mètre 92"]
[Site "http://www.queenalice.com/game.php?id=50437"]
[Date "2006.2.1"]
[Round "-"]
[White "arb"]
[Black "Katasstrov"]
[Result "1-0"]
[WhiteElo "2266"]
[BlackElo "1687"]

1. e4 d6 2. d4 Nf6 3. Nc3 g6 4. f4 Bg7 5. Nf3 c5 6. Bb5+ Bd7 7. e5 Ng4 8. Bxd7+
Qxd7 9. d5 O-O 10. h3 Nh6 11. g4 e6 12. Be3 a6 13. Qd2 b6 14. O-O-O f5 15. dxe6
Qxe6 16. Ng5 Qe7 17. Qd5+ 1-0

[Event "Katasstrov strike back"]
[Site "http://www.queenalice.com/game.php?id=52441"]
[Date "2006.2.11"]
[Round "-"]
[White "Katasstrov"]
[Black "mustang"]
[Result "1-0"]
[WhiteElo "1685"]
[BlackElo "2091"]

1. e4 c5 2. d4 cxd4 3. Nf3 e6 4. Nxd4 Nf6 5. Nc3 d6 6. Bg5 Be7 7. f3 a6 8. Bc4
Qc7 9. Bb3 Nc6 10. Nxc6 bxc6 11. Qd2 O-O 12. O-O-O d5 13. h4 h6 14. Bf4 e5 15.
Bh2 d4 16. Ne2 c5 17. Bc4 Bd6 18. g4 Be6 19. Bxe6 fxe6 20. g5 hxg5 21. hxg5 Nh5
22. Rdf1 g6 23. Ng3 Nf4 24. Ne2 Kg7 25. Bxf4 exf4 26. Kb1 e5 27. Nc1 c4 28. Rh6
Qd8 29. Rfh1 Rg8 30. Rh7+ Kf8 31. Qg2 Be7 32. Qh3 Qd6 33. Rh8 Rb8 34. Rxg8+ Kxg8
35. Ka1 Qb6 36. Qh7+ Kf8 37. b3 Qd6 38. Rh6 Rb6 39. Qh8+ Kf7 40. Rh7+ Ke6 41.
Qc8+ Qd7 42. Qxc4+ 1-0

[Event "Challenge"]
[Site "http://www.queenalice.com/game.php?id=54163"]
[Date "2006.2.22"]
[Round "-"]
[White "moonspell"]
[Black "Katasstrov"]
[Result "1-0"]
[WhiteElo "1932"]
[BlackElo "1706"]

1. e4 e5 2. Nf3 Nc6 3. d4 exd4 4. Nxd4 Bb4+ 5. c3 Ba5 6. Nxc6 bxc6 7. Bd3 Nf6 8.
Nd2 d5 9. O-O O-O 10. e5 Nd7 11. Nf3 Re8 12. a4 c5 13. Bxh7+ Kxh7 14. Ng5+ Kg8
15. Qxd5 1-0

[Event "don écossais"]
[Site "http://www.queenalice.com/game.php?id=54760"]
[Date "2006.2.25"]
[Round "-"]
[White "Katasstrov"]
[Black "moonspell"]
[Result "0-1"]
[WhiteElo "1699"]
[BlackElo "1946"]

1. e4 e5 2. Nf3 Nc6 3. d4 exd4 4. Bc4 Nf6 5. O-O Nxe4 6. Re1 d5 7. Bxd5 Qxd5 8.
Nc3 Qa5 9. Nxe4 Be6 10. Bg5 h6 11. Bd2 Qd5 12. c3 O-O-O 13. Qa4 d3 14. b4 a6 15.
a3 Qb3 16. Qxb3 Bxb3 17. a4 Bd5 18. b5 Na5 19. bxa6 bxa6 20. Nd4 c5 21. Nf3 Nb3
22. Rad1 Re8 23. Ng3 Rxe1+ 24. Nxe1 c4 25. Bf4 Bc5 26. Nf3 Bxf3 27. gxf3 Re8 28.
Kg2 g5 0-1

[Event "Challenge"]
[Site "http://www.queenalice.com/game.php?id=57931"]
[Date "2006.3.17"]
[Round "-"]
[White "moonspell"]
[Black "Katasstrov"]
[Result "1-0"]
[WhiteElo "1952"]
[BlackElo "1693"]

1. e4 c6 2. d4 d5 3. exd5 cxd5 4. Bd3 Nf6 5. Bf4 Nc6 6. c3 Bd7 7. Nf3 Qc8 8. O-O
Bf5 9. Ne5 Nxe5 10. dxe5 Ne4 11. Bb5+ Bd7 12. Qxd5 Bxb5 13. Qxb5+ Qc6 14. Qxc6+
bxc6 15. Rd1 e6 16. Nd2 1-0

[Event "Y croit encore !"]
[Site "http://www.queenalice.com/game.php?id=60752"]
[Date "2006.4.2"]
[Round "-"]
[White "Katasstrov"]
[Black "moonspell"]
[Result "0-1"]
[WhiteElo "1716"]
[BlackElo "1968"]

1. e4 c6 2. d4 d5 3. exd5 cxd5 4. Bd3 Nc6 5. c3 Nf6 6. Bf4 Bg4 7. f3 Bd7 8. Bg3
e6 9. f4 Qb6 10. Qc2 Rc8 11. Qb3 Qxb3 12. axb3 Nh5 13. Ne2 Nxg3 14. Nxg3 Bd6 15.
O-O g6 16. Nd2 h5 17. c4 a6 18. Rae1 Bb4 19. Rd1 Nxd4 20. cxd5 exd5 21. Ne2
Nxe2+ 22. Kh1 Nd4 0-1

[Event "Assassin !"]
[Site "http://www.queenalice.com/game.php?id=61158"]
[Date "2006.4.4"]
[Round "-"]
[White "moonspell"]
[Black "Katasstrov"]
[Result "1/2-1/2"]
[WhiteElo "1974"]
[BlackElo "1712"]

1. Nf3 c5 2. g3 Nc6 3. Bg2 g6 4. d4 cxd4 5. Nxd4 Bg7 6. Nxc6 bxc6 7. O-O Qb6 8.
Na3 Nf6 9. Nc4 Qc7 10. e4 O-O 11. Be3 Ba6 12. Qd3 Ng4 13. Bd4 e5 14. Bc5 Rfe8
15. Bd6 Qb7 16. Rfd1 Rad8 17. Qc3 Bxc4 18. Qxc4 Bf8 19. Qb3 Qb6 20. Qxb6 axb6
21. c4 Nf6 22. b4 Re6 23. Bxf8 Kxf8 24. Bh3 Re7 25. f3 d6 26. Rd2 Ne8 27. Rad1
c5 28. b5 Ra7 29. Kf2 1/2-1/2

[Event "Challenge"]
[Site "http://www.queenalice.com/game.php?id=66337"]
[Date "2006.5.2"]
[Round "-"]
[White "Katasstrov"]
[Black "moonspell"]
[Result "0-1"]
[WhiteElo "1729"]
[BlackElo "1976"]

1. e4 b6 2. d4 Bb7 3. Nc3 e6 4. Nf3 Bb4 5. Bd2 Nf6 6. Bd3 Bxc3 7. Bxc3 Bxe4 8.
O-O O-O 9. Ne5 Bxd3 10. Qxd3 d6 11. Nf3 Nbd7 12. Bd2 c5 13. Bg5 cxd4 14. Qxd4 d5
15. Ne5 Qc7 16. Bxf6 Nxf6 17. c3 Rac8 18. Rfe1 Qc5 19. Red1 Qxd4 20. Rxd4 Rc5
21. f3 Rd8 22. Rad1 Nd7 23. Nd3 Rdc8 24. f4 Rc4 25. Nb4 Nf6 26. Kf2 Ne4+ 27. Ke3
Nd6 28. Nc2 Nf5+ 0-1

[Event "Blacktower"]
[Site "http://www.queenalice.com/game.php?id=69990"]
[Date "2006.5.19"]
[Round "-"]
[White "Katasstrov"]
[Black "moonspell"]
[Result "0-1"]
[WhiteElo "1723"]
[BlackElo "1982"]

1. e4 c6 2. Nf3 d5 3. exd5 cxd5 4. Ne5 e6 5. Bb5+ Nd7 6. Qh5 Qe7 7. d4 Nf6 8.
Qf3 a6 9. Bd3 Qd8 10. Bg5 Qc7 11. Bxf6 Nxf6 12. Nc3 Bb4 13. O-O O-O 14. a3 Bxc3
15. bxc3 b5 16. Qg3 Bb7 17. Qh3 h6 18. f4 Rac8 19. Rf3 Kh8 20. Ng4 Nxg4 21. Qxg4
Qxc3 22. Raf1 Qxd4+ 23. Kh1 Rc3 24. Rg3 Rxa3 25. Rd1 Ra1 26. h3 Rxd1+ 27. Qxd1
Qxf4 28. Rf3 Qe5 29. Bg6 f5 30. Rf1 d4 0-1

[Event "Partida 1"]
[Site "http://www.queenalice.com/game.php?id=76919"]
[Date "2006.6.16"]
[Round "-"]
[White "togoychess"]
[Black "Katasstrov"]
[Result "1-0"]
[WhiteElo "1880"]
[BlackElo "1694"]

1. e4 c6 2. d4 d5 3. Nc3 dxe4 4. Nxe4 Bf5 5. Ng3 Bg6 6. h4 h6 7. Nf3 Nf6 8. Ne5
Bh7 9. Bd3 Qxd4 10. Nxf7 Bxd3 11. Nxh8 Qe5+ 12. Be3 Bh7 13. Qd8+ Kxd8 14. Nf7+
Ke8 15. Nxe5 Bxc2 16. Rc1 Bh7 17. h5 1-0

[Event "Partida 2"]
[Site "http://www.queenalice.com/game.php?id=76920"]
[Date "2006.6.16"]
[Round "-"]
[White "Katasstrov"]
[Black "togoychess"]
[Result "0-1"]
[WhiteElo "1703"]
[BlackElo "1871"]

1. e4 e6 2. d4 d5 3. Nc3 dxe4 4. Nxe4 Bd7 5. Nf3 Bc6 6. Nc3 Nd7 7. Bc4 Ngf6 8.
Bg5 Be7 9. O-O O-O 10. Re1 Bxf3 11. Qxf3 Nb6 12. Bd3 Qxd4 13. Rad1 Qc5 0-1

[Event "BigMac vs Beaujolais"]
[Site "http://www.queenalice.com/game.php?id=76927"]
[Date "2006.6.16"]
[Round "-"]
[White "trunksjackson"]
[Black "Katasstrov"]
[Result "1-0"]
[WhiteElo "1757"]
[BlackElo "1717"]

1. e4 d6 2. f4 Nf6 3. Nc3 g6 4. Bc4 Bg7 5. Nf3 c6 6. e5 dxe5 7. fxe5 Ng4 8. d4
O-O 9. h3 Nh6 10. g4 Nd7 11. Be3 1-0